000 00386nam a2200145Ia 4500
005 20250729165738.0
008 250729s2014 xx 000 0 und d
041 _aeng
082 _a370.25 BALE
100 _aDr.Balbir Sinha Jamwal
_9231981
245 _aEducation and the Bhagawad Gita
260 _aNew Delhi
_bA P H PUBLISHING
_c2014
300 _a73p
650 _aEducation
_9231982
999 _c239554
_d239554